Rhymes with the Definition Quiz Stats

 Plays Quiz Updated Jun 19, 2019

Score 0/30 Timer 05:00
2 Plays Today
% Correct
Gnaw
95.5%
Pray
95.4%
Plop
92.2%
Vowel
91.8%
Runny
91.4%
Eye
91.3%
Willow
91.3%
Flu
91.2%
Liver
90.2%
Maim
89.9%
Clamor
89.1%
Noun
88.9%
Join
88.2%
Sighed
87.1%
Knees
87%
% Correct
Yarn
86.9%
Quick
86.6%
House
86.3%
Able
85.4%
Beaker
83.5%
Gravel
82.9%
Schnauzer
81.1%
Squint
81.1%
Wart
81%
Puddle
80.4%
Holy
78.7%
Dined
78.2%
Zoom
75.3%
Metal
74.6%
Tightly
74.4%

You're not logged in!

Compare scores with friends on all Sporcle quizzes.
OR
Log In

Sporcle TV

Today on Sporcle TV


Watch our educational content, quiz creation guides, and fun videos on Sporcle TV.

Show Comments

Extras

Top Quizzes Today


Score Distribution

Your Account Isn't Verified!

In order to create a playlist on Sporcle, you need to verify the email address you used during registration. Go to your Sporcle Settings to finish the process.

Report this User

Report this user for behavior that violates our Community Guidelines.

Details: